000
00235 a2200097 4500
001
26648
100
_a
Tyson, A
245
_a
Leonardo da vanci and a memory of his childhood
260
_a
_b
Norton company
_c
1964
090
_c
17941
_d
17941
942
_a
NUST-CAE
_c
M
_c
8826
999
_c
261721
_d
261721